[Event "Frankfurt Ch 2012"]
[Site "Ffm-Kalbach, LAZ"]
[Date "2012.05.08"]
[Round "2.56"]
[White "Kirchmann, Gerhard"]
[Black "Rauscher, Joachim"]
[Result "0-1"]
[WhiteElo "1428"]
[BlackElo "1689"]
[PlyCount "160"]
[EventDate "2012.??.??"]
[WhiteTeam "SC Groß-Umstadt"]
[BlackTeam "SC Brett vor'm Kopp Ffm"]

1. d4 Nf6 2. Nf3 d5 3. Bf4 e6 4. Nbd2 Bb4 5. c3 Bd6 6. Bxd6 Qxd6 7. Ne5 Nbd7 8.
Ndf3 O-O 9. e3 Qb6 10. Qb3 Nxe5 11. Nxe5 Nd7 12. Nd3 c5 13. Qxb6 axb6 14. a3 c4
15. Nb4 b5 16. f4 Nf6 17. g3 Ng4 18. Ke2 Bd7 19. h3 Nf6 20. Bg2 Bc6 21. g4 Rad8
22. Bf3 Ne8 23. g5 Nc7 24. h4 f6 25. Rag1 f5 26. h5 Na6 27. Nc2 Nb8 28. Rh2 Nd7
29. h6 g6 30. Bh1 Nb6 31. Ne1 Na4 32. Kd1 Ra8 33. Kc2 Ra7 34. Nf3 Rfa8 35. Ra1
Nb6 36. Ne5 Be8 37. Bg2 Rb8 38. Rhh1 Na8 39. Ra2 Nc7 40. Rha1 Rba8 41. Kb1 b4
42. axb4 Ba4 43. Kc1 b5 44. Bf3 Ra6 45. Ra3 Kf8 46. Nd7+ Ke7 47. Nf6 Rh8 48.
Bd1 Ne8 49. Bxa4 bxa4 50. Rxa4 Rxa4 51. Rxa4 Nxf6 52. gxf6+ Kxf6 53. b5 Rb8 54.
Ra7 g5 55. Rxh7 Kg6 56. Re7 g4 57. Rxe6+ Kh7 58. b6 g3 59. Re5 g2 60. Rxf5
g1=Q+ 61. Kd2 Qf2+ 62. Kd1 Ra8 63. Rf7+ Kxh6 64. Ra7 Qg1+ 65. Ke2 Rxa7 66. bxa7
Qg8 67. e4 dxe4 68. Ke3 Qa8 69. f5 Kg5 70. f6 Kxf6 71. Kf4 Qxa7 72. Kxe4 Qa1
73. Kd5 Qxb2 74. Kxc4 Ke6 75. Kd3 Qb5+ 76. Ke3 Qc4 77. Kd2 Kd5 78. Kc2 Ke4 79.
Kb2 Kd3 80. d5 Qxc3+ 0-1

[Event "Frankfurt Ch 2012"]
[Site "Ffm-Kalbach, LAZ"]
[Date "2012.05.08"]
[Round "2.57"]
[White "Geipert, Wilfried"]
[Black "Kirschner, Matthias"]
[Result "1-0"]
[WhiteElo "1689"]
[BlackElo "1431"]
[PlyCount "83"]
[EventDate "2012.??.??"]
[WhiteTeam "SC Brett vor'm Kopp Ffm"]
[BlackTeam "SV 1997 Nauheim"]

1. d4 d6 2. c4 e5 3. e3 Be7 4. Nc3 Nf6 5. Bd3 exd4 6. exd4 Nc6 7. Nge2 O-O 8.
O-O Re8 9. a3 a5 10. h3 Bd7 11. Bf4 Qc8 12. Qc2 g6 13. Rac1 Bf8 14. Qd2 Bf5 15.
Bxf5 Qxf5 16. Ng3 Qd7 17. Rfe1 Rxe1+ 18. Rxe1 Re8 19. Rxe8 Qxe8 20. Nb5 Qb8 21.
d5 Na7 22. Qxa5 Nxb5 23. Qxb5 Qc8 24. f3 Bg7 25. Qb3 Nd7 26. Ne2 Qe8 27. Kf1
Nc5 28. Qc2 b6 29. b4 Nb7 30. Bd2 f5 31. a4 Qa8 32. Bc3 Nd8 33. Bxg7 Kxg7 34.
Nd4 Kf7 35. Nb5 Qc8 36. Qc3 Nb7 37. Nd4 Qa8 38. Ne6 Qxa4 39. Qg7+ Ke8 40. Qf8+
Kd7 41. Qf7+ Kc8 42. Qxc7# 1-0

[Event "Frankfurt Ch 2012"]
[Site "Ffm-Kalbach, LAZ"]
[Date "2012.05.08"]
[Round "2.58"]
[White "Bittner, Peter"]
[Black "Reuter, Klaus"]
[Result "1-0"]
[WhiteElo "1682"]
[BlackElo "1402"]
[PlyCount "55"]
[EventDate "2012.??.??"]
[WhiteTeam "SC 1961 König Nied"]
[BlackTeam "SV Griesheim(DA)"]

1. e4 e5 2. Nf3 Nc6 3. Bb5 Nf6 4. O-O a6 5. Ba4 Be7 6. c3 O-O 7. Re1 b5 8. Bb3
d6 9. h3 h6 10. d4 exd4 11. cxd4 Na5 12. Bc2 c5 13. d5 Re8 14. Nbd2 Bf8 15. b3
Rb8 16. Nf1 Qe7 17. Qd2 Nb7 18. Bb2 Bd7 19. Ng3 g6 20. e5 Nh7 21. e6 Bc8 22.
Qc3 f6 23. Bxg6 b4 24. Qc2 Ng5 25. Nxg5 hxg5 26. Bf7+ Kh8 27. Nh5 Bg7 28. Nxg7
1-0

[Event "Frankfurt Ch 2012"]
[Site "Ffm-Kalbach, LAZ"]
[Date "2012.05.08"]
[Round "2.59"]
[White "Stulken, Dietmar"]
[Black "Koch, Thomas"]
[Result "0-1"]
[WhiteElo "1418"]
[BlackElo "1669"]
[PlyCount "56"]
[EventDate "2012.??.??"]
[WhiteTeam "Sfr. Frankfurt 1921"]
[BlackTeam "SV 1934 Ffm-Griesheim"]

1. e4 e6 2. d4 d5 3. exd5 exd5 4. Bd3 Bd6 5. Nf3 Bg4 6. O-O Ne7 7. Re1 Nbc6 8.
c3 Qd7 9. Be2 h6 10. Ne5 Nxe5 11. dxe5 Bxe5 12. Bxg4 Qd6 13. g3 O-O 14. Nd2 f5
15. Bh3 f4 16. Nf3 fxg3 17. Nxe5 gxf2+ 18. Kh1 fxe1=Q+ 19. Qxe1 Rae8 20. Qg3
Nf5 21. Bxf5 Rxf5 22. Nd3 Qf6 23. Bf4 g5 24. Rg1 Kh7 25. Bc1 Rf3 26. Qxc7+ Re7
27. Qc5 Rxd3 28. Qb5 Qf3+ 0-1

[Event "Frankfurt Ch 2012"]
[Site "Ffm-Kalbach, LAZ"]
[Date "2012.05.08"]
[Round "2.60"]
[White "Cipca, Adrian"]
[Black "Bernhardt, Winfried"]
[Result "1-0"]
[WhiteElo "1663"]
[BlackElo "1304"]
[PlyCount "95"]
[EventDate "2012.??.??"]
[WhiteTeam "SK Bad Homburg 1927"]
[BlackTeam "SV 1997 Nauheim"]

1. e4 e5 2. Nf3 d6 3. d4 exd4 4. Nxd4 Be7 5. Nc3 c6 6. Be3 h6 7. Qd2 Nf6 8. f3
Nbd7 9. Be2 Nc5 10. O-O-O Qc7 11. g4 g5 12. h4 gxh4 13. Bxh6 Bd7 14. Qf4 O-O-O
15. Bg7 d5 16. Qxc7+ Kxc7 17. Bxh8 Rxh8 18. exd5 Nxd5 19. Nxd5+ cxd5 20. Nb5+
Bxb5 21. Bxb5 a6 22. Be2 Bg5+ 23. Kb1 Kc6 24. c4 dxc4 25. Bxc4 f6 26. Rd4 Be3
27. Rdd1 b5 28. Bf7 Bf2 29. b4 Na4 30. Kc2 Rc8 31. Kb3 Kb7 32. Rc1 Rxc1 33.
Rxc1 h3 34. Rh1 h2 35. Rxh2 Bg3 36. Rg2 Be5 37. g5 fxg5 38. Rxg5 Bc7 39. Rg1
Nb6 40. Rf1 Bf4 41. Re1 Kc6 42. Re6+ Bd6 43. f4 Nd5 44. Be8+ Kc7 45. f5 Nxb4
46. Rxd6 Kxd6 47. Kxb4 Ke7 48. Bg6 1-0

[Event "Frankfurt Ch 2012"]
[Site "Ffm-Kalbach, LAZ"]
[Date "2012.05.08"]
[Round "2.61"]
[White "Honert, Stefan"]
[Black "Becker, Karl-Heinz"]
[Result "0-1"]
[WhiteElo "1345"]
[BlackElo "1652"]
[PlyCount "102"]
[EventDate "2012.??.??"]
[WhiteTeam "Sfr. Frankfurt 1921"]
[BlackTeam "SSg Rödermark/Eppertshausen"]

1. d4 Nf6 2. c4 g6 3. Nc3 Bg7 4. e4 d6 5. f4 O-O 6. Nf3 c5 7. dxc5 dxc5 8. Qxd8
Rxd8 9. e5 Ne8 10. Be3 b6 11. Nd5 Nc6 12. O-O-O Bb7 13. Be2 e6 14. Nc3 f6 15.
exf6 Bxf6 16. Ne4 Bh8 17. Neg5 Nc7 18. h4 Rxd1+ 19. Bxd1 Rd8 20. h5 h6 21. Nh3
gxh5 22. Nf2 Nd4 23. Bxd4 Bxd4 24. Nd3 Be3+ 25. Kc2 Be4 26. Nfe5 Bxf4 27. Bf3
Bf5 28. Kc3 Bg5 29. Re1 Bf6 30. Be4 Rd4 31. Bxf5 exf5 32. Kc2 Kg7 33. b3 Bxe5
34. Nxe5 Re4 35. Kd2 Rxe1 36. Kxe1 Kf6 37. Nd3 Ne6 38. Kf2 f4 39. Ne1 Nd4 40.
Nd3 Kf5 41. Kf1 h4 42. Nf2 h5 43. Ke1 f3 44. gxf3 Nxf3+ 45. Ke2 Ng5 46. Nd3 h3
47. Kf2 Ke4 48. Ke2 h2 49. Nf2+ Kf4 50. Nh1 Ne4 51. Kf1 Kf3 0-1